000 00386cam a2200145ua 4500
041 _aeng
_h
082 _a828
_bBET/WH
100 _aBathers, Ray .
245 _aWhat happens underground:Story and pictures /
_cRay Bathers.
_hTextual Documents
260 _aLondon :
_bMacMillan and Company Limited ,
_c1962.
300 _a48 ; .
504 _a
942 _cBK
999 _c12554
_d12554